00880nam a22002297a 450000500170000001000150001702000260003203500140005803700090007208200110008124501080009225000060020026000320020627000910023830000200032970000400034970000470038970000390043694200250047599900190050095201310051920240919110830.0 aENG-141031 c400.00a9789395032322 aEN-124563 bDBAD a100.01 aPhilosophical Thinking/cEdited By K. Om Narayana Rao; Kailash Chandra Moharana [and] Pramod Kumar Dash a1 aOdishabAditya Bharatc2023 bCuttackaE-395, Sector-6, CDA, Cuttacke753014k9438177526madityabharat2019@gmail.com a336p.c22cm(pb) aRao, K. Om Narayana eEditor971754 aMoharana , Kailash Chandra eEditor971755 aDash, Pramod Kumar eEditor971756 2ddccENh100.01mPHI c204502d204502 001040708NFICaBL4bBL4d2024-07-26eDBADg400.00l0o100.01 PHIpEN-124563r2024-11-30 00:00:00t1v400.00w2024-07-26yEN